000
00305nam a22001337a 4500
008
170707b xxu||||| |||| 00| 0 eng d
020
_a
0471020746
041
_a
eng
080
_2
3RD
_a
003
100
_a
23
101
_a
ENC
245
_a
ENCYCLOPEDIA OF CHEMICAL TECHNOLOGY
_c
MARK,H.F
942
_2
udc
_c
BK
999
_c
20092
_d
20092